[Event "Festival A Giugno"]
[Site "Milano ITA"]
[Date "2014.05.29"]
[Round "1"]
[White "Cordi', Domenico"]
[Black "Prevedello, Daniele"]
[WhiteElo "1995"]
[BlackElo "1815"]
[Result "1-0"]
[PlyCount "47"]
[EventDate "2014.05.29"]

1. d4 d5 2. Nf3 Nf6 3. c4 c6 4. Nc3 dxc4 5. a4 Bf5 6. e3 e6 7. Bxc4 Bb4 8. O-O
Nbd7 9. Qe2 O-O 10. e4 Bg4 11. Rd1 Qe7 12. h3 Bh5 13. Bg5 e5 14. d5 h6 15. Bh4
g5 16. Bg3 cxd5 17. Nxd5 Nxd5 18. Bxd5 Nf6 19. Qb5 Bxf3 20. gxf3 Nxd5 21. Rxd5
Bd6 22. Rad1 Rfd8 23. Bxe5 a6 24. Qb6 1-0

[Event "Festival A Giugno"]
[Site "Milano ITA"]
[Date "2014.05.29"]
[Round "1"]
[White "Giaretta, Fulvio"]
[Black "Ducci, Roberto"]
[WhiteElo "1809"]
[BlackElo "1900"]
[Result "0-1"]
[PlyCount "80"]
[EventDate "2014.05.29"]

1. e4 c5 2. Nf3 Nc6 3. d4 cxd4 4. Nxd4 Nf6 5. Nc3 e5 6. Ndb5 d6 7. Bg5 a6 8.
Na3 b5 9. Nd5 Be7 10. Bxf6 Bxf6 11. c3 Bg5 12. Nc2 O-O 13. Nde3 Be6 14. Bd3 g6
15. O-O Kh8 16. Kh1 f5 17. Qe2 f4 18. Nd5 Bxd5 19. exd5 Ne7 20. Nb4 Nf5 21. a4
f3 22. gxf3 Nh4 23. Be4 Qf6 24. Rg1 bxa4 25. Rxa4 Rf7 26. Rxa6 Raf8 27. Nc2 Qd8
28. Ne1 Bf4 29. Ra4 Qd7 30. Rg4 Nxf3 31. Qxf3 Qxa4 32. b4 Bxh2 33. Qh3 Qd1 34.
Kxh2 Qxe1 35. f3 Qd2+ 36. Rg2 Qf4+ 37. Kg1 Ra8 38. Qg3 Ra1+ 39. Kh2 Qh6+ 40.
Qh3 Rh1+ 0-1

[Event "Festival A Giugno"]
[Site "Milano ITA"]
[Date "2014.05.29"]
[Round "1"]
[White "Pelizzola, Danilo"]
[Black "Quagliarella, Sabino Remo"]
[WhiteElo "2102"]
[BlackElo "1866"]
[Result "1-0"]
[PlyCount "125"]
[EventDate "2014.05.29"]

1. e4 c5 2. Nf3 a6 3. Be2 Qc7 4. O-O d6 5. b3 Nf6 6. Nc3 e6 7. Bb2 Be7 8. Re1
O-O 9. d4 cxd4 10. Nxd4 Nc6 11. Nxc6 bxc6 12. Qd4 e5 13. Qd2 Be6 14. Bf3 Rad8
15. Qe2 Qa7 16. Rad1 Rfe8 17. Qe3 Qxe3 18. Rxe3 Nd7 19. Na4 c5 20. Ree1 Nb8 21.
Nb6 Nc6 22. c3 Rb8 23. Nd5 Bxd5 24. exd5 Na7 25. Bg4 Red8 26. c4 g6 27. Bc3 f5
28. Bh3 Bg5 29. Ba5 Rd7 30. g3 Rf7 31. f3 h5 32. Bf1 Bd8 33. Bc3 a5 34. Bd3 Nc8
35. h3 Kh7 36. Kg2 Ne7 37. g4 h4 38. Rg1 Ng8 39. gxf5 gxf5 40. Kh2 Nh6 41. Rg2
Bf6 42. Bxa5 Ra8 43. Be1 Rfa7 44. a4 Re7 45. Bc3 Raa7 46. Rdg1 Rab7 47. Bc2 Ra7
48. Rg6 Rf7 49. Bd2 Bg7 50. Kh1 Rf6 51. Rxf6 Bxf6 52. a5 Re7 53. a6 Ra7 54.
Bxh6 Kxh6 55. Bxf5 Bg5 56. Bc8 Rf7 57. Ra1 Ra7 58. Bb7 Bf4 59. Kg2 Kg5 60. Kf2
Kf6 61. Rg1 Bg5 62. Ke2 Kf5 63. Rg4 1-0

[Event "Festival A Giugno"]
[Site "Milano ITA"]
[Date "2014.05.30"]
[Round "2"]
[White "Cerioni, Armando"]
[Black "Pelizzola, Danilo"]
[WhiteElo "2006"]
[BlackElo "2102"]
[Result "1-0"]
[PlyCount "133"]
[EventDate "2014.05.29"]

1. e4 e5 2. Bc4 Nc6 3. Nf3 Be7 4. d3 d6 5. c3 Nf6 6. Bb3 O-O 7. Nbd2 Bg4 8. h3
Bh5 9. Nf1 d5 10. Qe2 dxe4 11. dxe4 Bg6 12. Bc2 h6 13. g4 Qd7 14. Ng3 Rae8 15.
Nf5 Bc5 16. N3h4 Bb6 17. g5 Bh5 18. f3 hxg5 19. Bxg5 Nh7 20. Bd2 Kh8 21. O-O-O
Qc8 22. Ng3 Qd8 23. Nhf5 Bg6 24. Bh6 gxh6 25. Rxd8 Nxd8 26. Qd2 Re6 27. Nxh6
Rd6 28. Qe1 Ne6 29. Ngf5 Rd7 30. Ng4 f6 31. Nge3 Nf4 32. Kb1 Ng5 33. Qf1 Bxe3
34. Nxe3 Rfd8 35. Qf2 b6 36. Ng2 Nxg2 37. Qxg2 Rg7 38. Rd1 Rxd1+ 39. Bxd1 Be8
40. Qf2 Rh7 41. h4 Ne6 42. Bb3 Nf4 43. Bc4 Rg7 44. a3 Kh7 45. Qf1 Kh6 46. Bb5
c6 47. Bc4 b5 48. Bb3 c5 49. c4 a6 50. Qd1 Rd7 51. Qg1 Rc7 52. Qg8 Bf7 53. Qd8
Ra7 54. Qxf6+ Ng6 55. Qb6 Rd7 56. Qxc5 bxc4 57. Bxc4 Bxc4 58. Qxc4 Rd6 59. Qc1+
Nf4 60. Qc8 Ng6 61. Qf5 Rd1+ 62. Kc2 Rh1 63. Qg5+ Kh7 64. h5 Nf4 65. Qxe5 Nxh5
66. f4 Ng7 67. f5 1-0

[Event "Festival A Giugno"]
[Site "Milano ITA"]
[Date "2014.05.30"]
[Round "2"]
[White "Ducci, Roberto"]
[Black "Bisignano, Giuseppe"]
[WhiteElo "1900"]
[BlackElo "1875"]
[Result "0-1"]
[PlyCount "62"]
[EventDate "2014.05.29"]

1. d4 Nf6 2. c4 g6 3. g3 Bg7 4. Bg2 O-O 5. e4 d6 6. Nc3 Nbd7 7. Nf3 e5 8. d5
Nc5 9. Qc2 Nh5 10. b4 Nd7 11. O-O f5 12. exf5 gxf5 13. Nh4 e4 14. Nxf5 Rxf5 15.
Bxe4 Bxc3 16. Qxc3 Re5 17. Bb2 Ndf6 18. Bg2 Bf5 19. f4 Re7 20. h3 Kf7 21. g4
Ne4 22. Bxe4 Bxe4 23. gxh5 Qg8+ 24. Qg7+ Qxg7+ 25. Bxg7 Kxg7 26. f5 Kf6 27.
Rae1 Rg8+ 28. Kf2 Rg2+ 29. Ke3 Bxd5+ 30. Kd4 Rxe1 31. Rxe1 Bf7 0-1

[Event "Festival A Giugno"]
[Site "Milano ITA"]
[Date "2014.05.30"]
[Round "2"]
[White "Prevedello, Daniele"]
[Black "Burani, Eugenio"]
[WhiteElo "1815"]
[BlackElo "1816"]
[Result "0-1"]
[PlyCount "46"]
[EventDate "2014.05.29"]

1. d4 Nf6 2. c4 c5 3. Nf3 e6 4. Nc3 Na6 5. d5 exd5 6. cxd5 d6 7. e4 Nc7 8. Bd3
g6 9. O-O Bg7 10. Bg5 O-O 11. Re1 Re8 12. Qc2 h6 13. Bh4 g5 14. Bg3 Nh5 15.
Rad1 Nxg3 16. hxg3 Bg4 17. Rd2 a6 18. Re3 b5 19. e5 dxe5 20. d6 Ne6 21. d7 Re7
22. Nd5 Nd4 23. Bh7+ Kf8 {...} 0-1

[Event "Festival A Giugno"]
[Site "Milano ITA"]
[Date "2014.05.30"]
[Round "2"]
[White "Quagliarella, Sabino Remo"]
[Black "Giaretta, Fulvio"]
[WhiteElo "1866"]
[BlackElo "1809"]
[Result "0-1"]
[PlyCount "46"]
[EventDate "2014.05.29"]

1. e4 e5 2. d4 exd4 3. c3 dxc3 4. Nxc3 Nc6 5. Nf3 d6 6. Bc4 Be7 7. O-O Nf6 8.
e5 dxe5 9. Bxf7+ Kxf7 10. Qb3+ Kf8 11. Ng5 Qe8 12. Nb5 Bd6 13. Be3 h6 14. Nxc7
Bxc7 15. Bc5+ Ne7 16. f4 e4 17. Ne6+ Bxe6 18. Qxe6 Qf7 19. Qh3 Qh5 20. Qa3
Qxc5+ 21. Qxc5 Bb6 22. Qxb6 axb6 23. Rad1 Ned5 0-1

[Event "Festival A Giugno"]
[Site "Milano ITA"]
[Date "2014.05.30"]
[Round "2"]
[White "Vezzosi, Paolo"]
[Black "Cordi', Domenico"]
[WhiteElo "2300"]
[BlackElo "1995"]
[Result "0-1"]
[PlyCount "99"]
[EventDate "2014.05.29"]

1. d4 Nf6 2. Nf3 g6 3. Nc3 Bg7 4. e4 d6 5. h3 O-O 6. Be3 c6 7. a4 Qc7 8. Qd2
Rd8 9. Rd1 a5 10. Be2 Na6 11. O-O Nb4 12. Qc1 Bd7 13. Rd2 Rab8 14. Rfd1 b5 15.
axb5 cxb5 16. Bg5 Rdc8 17. d5 h6 18. Be3 Rb7 19. Bd4 Ne8 20. Bxg7 Kxg7 21. Nd4
Qb8 22. Qa1 a4 23. Bf1 Nf6 24. Re1 Rc5 25. Re3 Rb6 26. Nce2 Be8 27. Nf4 Kh7 28.
c3 Na6 29. h4 h5 30. Nh3 b4 31. Ng5+ Kg8 32. c4 b3 33. Nb5 Rbxb5 34. cxb5 Bxb5
35. Nf3 Nb4 36. Nd4 Nc2 37. Nxc2 bxc2 38. Qc1 Bxf1 39. Kxf1 Qb5+ 40. Kg1 Qxb2
41. Re1 a3 42. Rd3 Qb4 43. Rxa3 Qxe1+ 44. Qxe1 c1=Q 45. Ra8+ Kg7 46. Ra1 Qxe1+
47. Rxe1 Rc2 48. f3 Nd7 49. Kh2 Ne5 50. Kg3 0-1

[Event "Festival A Giugno"]
[Site "Milano ITA"]
[Date "2014.05.31"]
[Round "3"]
[White "Bisignano, Giuseppe"]
[Black "Giaretta, Fulvio"]
[WhiteElo "1875"]
[BlackElo "1809"]
[Result "1-0"]
[PlyCount "83"]
[EventDate "2014.05.29"]

1. e4 c5 2. Nf3 d6 3. d4 cxd4 4. Nxd4 Nf6 5. Nc3 g6 6. Be2 Nc6 7. Be3 Bg7 8.
O-O O-O 9. h3 a6 10. f4 Qb6 11. Rb1 Nxe4 12. Nf5 Nxc3 13. bxc3 Qa5 14. Nxg7
Qxc3 15. Qc1 Qxg7 16. c3 f5 17. Rf3 e5 18. Rg3 e4 19. Bc4+ Kh8 20. Bd5 Qe7 21.
c4 Be6 22. Qc3+ Kg8 23. Bc1 Bxd5 24. cxd5 Nd8 25. Bb2 Kf7 26. Rc1 Ke8 27. Qd4
Qd7 28. Rgc3 Rf7 29. a4 Qe7 30. Qb6 Qh4 31. Qxd6 Qe7 32. Qe5 Qxe5 33. fxe5 Re7
34. Rc7 Rxc7 35. Rxc7 b5 36. a5 Nf7 37. e6 Ng5 38. h4 Nxe6 39. dxe6 Rd8 40. Bf6
h5 41. Bxd8 Kxd8 42. Ra7 1-0

[Event "Festival A Giugno"]
[Site "Milano ITA"]
[Date "2014.05.31"]
[Round "3"]
[White "Burani, Eugenio"]
[Black "Vezzosi, Paolo"]
[WhiteElo "1816"]
[BlackElo "2300"]
[Result "1/2-1/2"]
[PlyCount "80"]
[EventDate "2014.05.29"]

1. e4 c5 2. Nf3 Nc6 3. d4 cxd4 4. Nxd4 Qc7 5. Nc3 e6 6. Ndb5 Qb8 7. Be3 Nf6 8.
Be2 a6 9. Nd4 b5 10. Nxc6 dxc6 11. Bf3 e5 12. Qd3 Be6 13. b3 Qc7 14. O-O Bb4
15. Rad1 O-O 16. Nb1 a5 17. a3 Be7 18. h3 a4 19. Bc1 axb3 20. cxb3 Nd7 21. Qe3
Rfb8 22. Bg4 Nc5 23. Bxe6 Nxe6 24. Bb2 Bc5 25. Qf3 Nf4 26. Qg4 Rb7 27. Rd2 Ne6
28. Rc1 Bd4 29. b4 Qb6 30. Bxd4 Nxd4 31. Rc3 Re7 32. Rg3 g6 33. h4 Re6 34. Rc3
Rae8 35. Rg3 Qa7 36. Rc3 Rf6 37. g3 h5 38. Qd1 Rd8 39. Kg2 Rfd6 40. Rcd3 Qa8
1/2-1/2

[Event "Festival A Giugno"]
[Site "Milano ITA"]
[Date "2014.05.31"]
[Round "3"]
[White "Cordi', Domenico"]
[Black "Cerioni, Armando"]
[WhiteElo "1995"]
[BlackElo "2006"]
[Result "1/2-1/2"]
[PlyCount "146"]
[EventDate "2014.05.29"]

1. d4 Nf6 2. Nf3 e6 3. c4 c5 4. Nc3 cxd4 5. Nxd4 Bb4 6. Bd2 Nc6 7. e3 O-O 8.
Be2 Qb6 9. Qb3 Bxc3 10. Bxc3 Qxb3 11. axb3 Ne4 12. O-O Nxc3 13. bxc3 d5 14.
Rfd1 Nxd4 15. Rxd4 dxc4 16. Bxc4 a6 17. Be2 Rb8 18. Bf3 Re8 19. Rb4 b5 20. Kf1
Rb6 21. c4 e5 22. c5 Rf6 23. Bd5 h5 24. Ke1 Rh6 25. f3 Rh8 26. Ba8 g6 27. c6
Re6 28. Rc1 Kg7 29. c7 Rhe8 30. Rc5 R8e7 31. g4 hxg4 32. fxg4 Rd6 33. g5 Rdd7
34. Re4 Rxc7 35. Rxc7 Rxc7 36. Rxe5 Be6 37. b4 Kf8 38. h4 Ke7 39. h5 gxh5 40.
g6 Kf6 41. g7 Kxg7 42. Rxh5 Kg6 43. Rh4 Ra7 44. Bc6 Bc4 45. Rd4 a5 46. bxa5
Rxa5 47. Kf2 Ra6 48. Be4+ Kf6 49. Bb7 Rb6 50. Bf3 Ke5 51. Ke1 Be6 52. Rb4 Bc4
53. Be2 Bxe2 54. Kxe2 Kd5 55. Kd2 Kc5 56. Rf4 f6 57. Kc3 Re6 58. Rf5+ Kb6 59.
e4 Ka5 60. Kb3 Rxe4 61. Rxf6 Re3+ 62. Kb2 Ka4 63. Rf4+ b4 64. Rh4 Re2+ 65. Kb1
Rd2 66. Rh3 Kb5 67. Rh4 Ka4 68. Rh3 b3 69. Rh8 Rd5 70. Ra8+ Kb4 71. Rb8+ Rb5
72. Rxb5+ Kxb5 73. Kb2 Kb4 1/2-1/2

[Event "Festival A Giugno"]
[Site "Milano ITA"]
[Date "2014.05.31"]
[Round "3"]
[White "Pelizzola, Danilo"]
[Black "Ducci, Roberto"]
[WhiteElo "2102"]
[BlackElo "1900"]
[Result "1-0"]
[PlyCount "99"]
[EventDate "2014.05.29"]

1. e4 c5 2. Nf3 Nc6 3. Nc3 e5 4. Bc4 Be7 5. d3 d6 6. Nd5 Nf6 7. c3 O-O 8. O-O
Be6 9. Nxf6+ Bxf6 10. Bxe6 fxe6 11. Qe2 d5 12. b3 Qc7 13. Be3 b6 14. Rac1 Qd6
15. h3 Ne7 16. g3 Rad8 17. Rcd1 Rd7 18. Bc1 d4 19. cxd4 cxd4 20. Bb2 Nc6 21.
Rc1 Rc7 22. Rc2 Rfc8 23. Rfc1 Qe7 24. Rc4 Bg5 25. R1c2 Bh6 26. Kg2 g6 27. Qd1
Qd6 28. Nh2 Nb4 29. Rxc7 Rxc7 30. Rxc7 Qxc7 31. a3 Na2 32. Nf3 Nc3 33. Qc2 Bf8
34. Nd2 b5 35. Nb1 b4 36. a4 Bh6 37. Bc1 Bxc1 38. Qxc1 Kg7 39. Nd2 Kf6 40. Nc4
Ne2 41. Qh6 Qg7 42. Qd2 Nc3 43. Nxe5 Qc7 44. Nc4 Kg7 45. Qg5 Qb7 46. Qe5+ Kh6
47. Qxd4 Qf7 48. Ne5 Qb7 49. Ng4+ Kh5 50. Qf6 1-0

[Event "Festival A Giugno"]
[Site "Milano ITA"]
[Date "2014.05.31"]
[Round "3"]
[White "Quagliarella, Sabino Remo"]
[Black "Prevedello, Daniele"]
[WhiteElo "1866"]
[BlackElo "1815"]
[Result "1/2-1/2"]
[PlyCount "144"]
[EventDate "2014.05.29"]

1. e4 c6 2. d4 d5 3. Nc3 dxe4 4. Nxe4 Bf5 5. Ng3 Bg6 6. h4 h6 7. Nf3 Nd7 8. Bc4
e6 9. Qe2 Ngf6 10. h5 Bh7 11. Bd2 Qc7 12. Bb3 Bd6 13. O-O-O O-O-O 14. Rh3 Nd5
15. Ne4 Bf4 16. Bxd5 exd5 17. Nc3 Rhe8 18. Ne5 Bxd2+ 19. Qxd2 Nxe5 20. dxe5
Rxe5 21. Rg3 f6 22. Qf4 Rg5 23. Qxc7+ Kxc7 24. Rxg5 fxg5 25. Re1 Kd7 26. Kd2
Rf8 27. f3 Rf6 28. Ne2 Re6 29. c3 c5 30. Rd1 Kc6 31. Rc1 Kd7 32. b3 Ra6 33. Ra1
Re6 34. Ng3 Kd6 35. Rd1 Rf6 36. Ke3 Re6+ 37. Kd2 Kc7 38. Kc1 Re3 39. Kb2 Kc6
40. Rd2 Re1 41. Re2 Rxe2+ 42. Nxe2 Kd6 43. Kc1 Bd3 44. Ng1 Ke5 45. g3 g6 46.
hxg6 Bxg6 47. Kd2 Bf5 48. a3 h5 49. b4 b6 50. Ke3 d4+ 51. cxd4+ cxd4+ 52. Kd2
h4 53. g4 Bd7 54. Nh3 Bb5 55. Nxg5 Kf4 56. Ne6+ Kxf3 57. Nxd4+ Kxg4 58. Ke3 Bc4
59. Kf2 Bd5 60. Kg1 a6 61. Kh2 h3 62. b5 a5 63. Nc6 Be4 64. Ne5+ Kf5 65. Nd7
Bd3 66. a4 Ke6 67. Nxb6 Bc2 68. Kxh3 Kd6 69. Nc4+ Kc5 70. b6 Bf5+ 71. Kg3 Bc8
72. Nxa5 Kxb6 1/2-1/2

[Event "Festival A Giugno"]
[Site "Milano ITA"]
[Date "2014.06.01"]
[Round "4"]
[White "Cerioni, Armando"]
[Black "Bisignano, Giuseppe"]
[WhiteElo "2006"]
[BlackElo "1875"]
[Result "1-0"]
[PlyCount "35"]
[EventDate "2014.05.29"]

1. e4 e5 2. Nf3 Nc6 3. Bc4 Nf6 4. d3 h6 5. c3 d6 6. Bb3 Be7 7. Nbd2 O-O 8. O-O
Bg4 9. h3 Bh5 10. Re1 d5 11. exd5 Nxd5 12. Ne4 Kh8 13. Ng3 Bg6 14. Nxe5 Nxe5
15. Rxe5 c6 16. Bxd5 cxd5 17. Qf3 Qb6 18. Rxe7 1-0

[Event "Festival A Giugno"]
[Site "Milano ITA"]
[Date "2014.06.01"]
[Round "4"]
[White "Giaretta, Fulvio"]
[Black "Burani, Eugenio"]
[WhiteElo "1809"]
[BlackElo "1816"]
[Result "1-0"]
[PlyCount "117"]
[EventDate "2014.05.29"]

1. e4 c5 2. Nf3 Nc6 3. d4 cxd4 4. Nxd4 Nf6 5. Nc3 e5 6. Ndb5 d6 7. Bg5 a6 8.
Bxf6 gxf6 9. Na3 b5 10. Nd5 Bg7 11. Bd3 Ne7 12. Nxe7 Qxe7 13. c4 b4 14. Qa4+
Bd7 15. Qxb4 O-O 16. O-O Bh6 17. Qc3 Kh8 18. Nc2 Rg8 19. Rfd1 f5 20. exf5 Bc6
21. g3 Bf3 22. Re1 Qg5 23. Be4 Bxe4 24. Rxe4 Qxf5 25. Re2 Bg7 26. Ne3 Qh5 27.
Qc2 Bf8 28. Rd1 Rg5 29. Ng2 f6 30. Red2 Rg6 31. Qe4 Rc8 32. b3 Rg7 33. Nh4 Rg5
34. Qb7 Re8 35. Kh1 Rg7 36. Qxa6 f5 37. Qc6 Be7 38. Nxf5 Rgg8 39. Nxe7 Rxe7 40.
Qxd6 Qf3+ 41. Kg1 Rge8 42. Qd5 Qf5 43. f3 Qg6 44. Qe4 Qh6 45. Kg2 Qa6 46. a4
Qb6 47. Qd3 Kg8 48. Qc3 e4 49. fxe4 Rxe4 50. Qf3 R4e5 51. Rf2 Qc7 52. Rd5 R5e7
53. Rg5+ Rg7 54. Rxg7+ Kxg7 55. c5 Rd8 56. b4 Qe7 57. b5 Rd4 58. c6 Rxa4 59.
Qc3+ 1-0

[Event "Festival A Giugno"]
[Site "Milano ITA"]
[Date "2014.06.01"]
[Round "4"]
[White "Mazzoccoli, Simone"]
[Black "Quagliarella, Sabino Remo"]
[WhiteElo "1760"]
[BlackElo "1866"]
[Result "1-0"]
[PlyCount "111"]
[EventDate "2014.05.29"]

1. e4 c5 2. Nc3 a6 3. Nf3 Nc6 4. g3 g6 5. Bg2 Bg7 6. d3 d6 7. O-O Nf6 8. Bg5 h6
9. Bd2 O-O 10. Qc1 Kh7 11. h3 Be6 12. Kh2 d5 13. exd5 Nxd5 14. Na4 Qd6 15. c4
Ndb4 16. Bf4 Ne5 17. Nxe5 Bxe5 18. Bxh6 Nxd3 19. Qd2 Rfd8 20. Bd5 Nb4 21. Bxb7
Rab8 22. Bd5 Nxd5 23. cxd5 Bxd5 24. Be3 Qc6 25. Qc2 c4 26. Rac1 Qb5 27. Nc3
Qxb2 28. Nxd5 Qxc2 29. Rxc2 Rxd5 30. Rxc4 Ra5 31. Rc5 Rxc5 32. Bxc5 Rb2 33. Re1
Bd6 34. Bxd6 exd6 35. Kg2 Rd2 36. Re3 a5 37. Ra3 Rd5 38. Kf3 Kg7 39. Ke4 Re5+
40. Kd4 Kf6 41. Rf3+ Ke6 42. Re3 f6 43. f4 Rxe3 44. Kxe3 a4 45. Kd4 a3 46. g4
g5 47. f5+ Ke7 48. Kc3 d5 49. Kb3 Kd6 50. Kxa3 Kc5 51. Kb3 d4 52. Kc2 Kc4 53.
a4 Kb4 54. Kd3 Kxa4 55. Kxd4 Kb4 56. Kd5 1-0

[Event "Festival A Giugno"]
[Site "Milano ITA"]
[Date "2014.06.01"]
[Round "4"]
[White "Pelizzola, Danilo"]
[Black "Cordi', Domenico"]
[WhiteElo "2102"]
[BlackElo "1995"]
[Result "1-0"]
[PlyCount "139"]
[EventDate "2014.05.29"]

1. e4 e5 2. Nf3 Nc6 3. Bb5 a6 4. Ba4 Nf6 5. O-O b5 6. Bb3 Be7 7. Re1 d6 8. h3
O-O 9. c3 Na5 10. Bc2 c5 11. d4 Qc7 12. Nbd2 Bd7 13. Nf1 Rac8 14. d5 c4 15. Ng3
Nb7 16. Nh2 Nc5 17. f4 a5 18. fxe5 dxe5 19. Nh5 b4 20. Nxf6+ Bxf6 21. Be3 Rb8
22. Qe2 Nb7 23. Rf1 Be7 24. Kh1 f6 25. Nf3 Rfc8 26. Nh4 Bc5 27. Bd2 Nd6 28. g4
a4 29. Nf5 Bxf5 30. gxf5 b3 31. axb3 axb3 32. Bd1 Ra8 33. Rb1 Qa7 34. Qf3 Qb6
35. Be2 Ra2 36. Rfd1 Rca8 37. h4 R8a4 38. h5 Nf7 39. h6 gxh6 40. Qh5 Be3 41.
Bxe3 Qxe3 42. d6 Ra8 43. Qg4+ Kh8 44. Rg1 Ng5 45. Bxc4 h5 46. Qg2 Rd8 47. Bxb3
Rxd6 48. Bd5 Ra4 49. Rbe1 Qb6 50. Ra1 Qa7 51. Rxa4 Qxa4 52. b4 Qb5 53. Qd2 Qb6
54. Qe2 Qd8 55. Qb5 Qc8 56. Qc5 Qxc5 57. bxc5 Rd8 58. Rb1 Rc8 59. c6 Kg7 60.
Kg2 h4 61. Rh1 h3+ 62. Kg3 Kf8 63. c4 Ke7 64. c5 Rb8 65. Ra1 Kd8 66. Ra7 Rb2
67. c7+ Kc8 68. Be6+ Nxe6 69. fxe6 Rg2+ 70. Kxh3 1-0

[Event "Festival A Giugno"]
[Site "Milano ITA"]
[Date "2014.06.01"]
[Round "4"]
[White "Vezzosi, Paolo"]
[Black "Ducci, Roberto"]
[WhiteElo "2300"]
[BlackElo "1900"]
[Result "1-0"]
[PlyCount "113"]
[EventDate "2014.05.29"]

1. d4 Nf6 2. Nf3 g6 3. Nc3 Bg7 4. e4 d6 5. Be3 O-O 6. h3 Nbd7 7. a4 c5 8. d5 a6
9. Be2 b6 10. O-O Bb7 11. Qd2 Re8 12. Bc4 Qc7 13. Rfd1 Nf8 14. Bf4 Nh5 15. Bh2
Nd7 16. g4 Nhf6 17. Qe2 Rf8 18. e5 dxe5 19. Nxe5 Nxe5 20. Qxe5 Qxe5 21. Bxe5
Nd7 22. Bxg7 Kxg7 23. Re1 Rfe8 24. Re3 Rad8 25. Rae1 Kf8 26. g5 f6 27. f4 Nb8
28. Re6 Rd6 29. gxf6 Rxe6 30. Rxe6 Nd7 31. fxe7+ Rxe7 32. Rxe7 Kxe7 33. Kf2 Nf6
34. Ke3 Bc8 35. h4 Bb7 36. f5 gxf5 37. Kf4 Bc8 38. Bd3 Bb7 39. Kxf5 Nxd5 40.
Nxd5+ Bxd5 41. Bxa6 Be6+ 42. Kg5 Kf7 43. h5 Bd5 44. Bd3 c4 45. Bxh7 Kg7 46. Bg6
Bc6 47. h6+ Kh8 48. b3 cxb3 49. cxb3 Bd5 50. Bc2 Bc6 51. Kf6 b5 52. a5 Bb7 53.
b4 Bd5 54. a6 Kg8 55. Ke7 Bf3 56. a7 Bg2 57. Kd6 1-0

[Event "Festival A Giugno"]
[Site "Milano ITA"]
[Date "2014.06.02"]
[Round "5"]
[White "Bisignano, Giuseppe"]
[Black "Pelizzola, Danilo"]
[WhiteElo "1875"]
[BlackElo "2102"]
[Result "0-1"]
[PlyCount "80"]
[EventDate "2014.05.29"]

1. e4 e5 2. Nf3 Nc6 3. Bb5 a6 4. Ba4 Nf6 5. d4 b5 6. dxe5 Ng4 7. Bb3 Be7 8. h3
Nh6 9. Bxh6 gxh6 10. Qd5 O-O 11. Nc3 Bb7 12. h4 Na5 13. Qd2 Nxb3 14. axb3 f6
15. Qxh6 Rf7 16. O-O-O Bf8 17. Qe3 Qe7 18. Nd5 Bxd5 19. exd5 fxe5 20. Nxe5 Rf5
21. Qg3+ Kh8 22. Rhe1 Qd6 23. Kb1 Bg7 24. f4 Raf8 25. Rf1 a5 26. Qd3 Rxf4 27.
Rxf4 Rxf4 28. Nf3 Qf6 29. c3 b4 30. Re1 bxc3 31. Re8+ Bf8 32. Qxc3 Kg7 33. Qxc7
Qg6+ 34. Ka2 Rxf3 35. Re6 Qxg2 36. Qxd7+ Rf7 37. Qb5 Rf2 38. Qxa5 Rxb2+ 39. Ka1
Rxb3 40. Qc7+ Kg8 0-1

[Event "Festival A Giugno"]
[Site "Milano ITA"]
[Date "2014.06.02"]
[Round "5"]
[White "Burani, Eugenio"]
[Black "Mazzoccoli, Simone"]
[WhiteElo "1816"]
[BlackElo "1760"]
[Result "1-0"]
[PlyCount "59"]
[EventDate "2014.05.29"]

1. e4 c5 2. Nf3 Nc6 3. d4 cxd4 4. Nxd4 g6 5. Be2 Bg7 6. Be3 Nf6 7. Nc3 O-O 8.
O-O d5 9. Nxc6 bxc6 10. e5 Nd7 11. f4 Qa5 12. a3 Ba6 13. b4 Bxe2 14. Qxe2 Qc7
15. Na4 Rfd8 16. Rad1 a5 17. Nc5 Nxc5 18. Bxc5 axb4 19. axb4 Bf8 20. e6 f5 21.
g4 fxg4 22. Qxg4 Bg7 23. f5 Be5 24. fxg6 Bxh2+ 25. Kh1 Rf8 26. Rf7 Rxf7 27.
gxf7+ Kh8 28. Qg2 Be5 29. Rg1 Qd8 30. Bxe7 1-0

[Event "Festival A Giugno"]
[Site "Milano ITA"]
[Date "2014.06.02"]
[Round "5"]
[White "Cordi', Domenico"]
[Black "Giaretta, Fulvio"]
[WhiteElo "1995"]
[BlackElo "1809"]
[Result "1-0"]
[PlyCount "71"]
[EventDate "2014.05.29"]

1. d4 Nf6 2. Nf3 d6 3. g3 g6 4. Bg2 Bg7 5. O-O O-O 6. c4 c5 7. b3 cxd4 8. Nxd4
a6 9. Bb2 e5 10. Nc2 Nc6 11. Nc3 Be6 12. Qd2 Qc7 13. Rfd1 Rad8 14. Ne3 Ne7 15.
Ned5 Nfxd5 16. Nxd5 Bxd5 17. Bxd5 Rd7 18. Bc3 Kh8 19. Qb2 Nxd5 20. Rxd5 f6 21.
Rad1 b6 22. a4 a5 23. Qd2 Rfd8 24. e4 Bf8 25. Kg2 Rf7 26. Bb2 Kg7 27. f3 Rfd7
28. Bc1 Kf7 29. Qf2 Ke6 30. Be3 Rb8 31. Rb5 Qc6 32. Bxb6 f5 33. exf5+ gxf5 34.
Bxa5 Rbb7 35. Qd2 Qa6 36. Qd5+ 1-0

[Event "Festival A Giugno"]
[Site "Milano ITA"]
[Date "2014.06.02"]
[Round "5"]
[White "Ducci, Roberto"]
[Black "Prevedello, Daniele"]
[WhiteElo "1900"]
[BlackElo "1815"]
[Result "0-1"]
[PlyCount "76"]
[EventDate "2014.05.29"]

1. d4 d5 2. c4 c6 3. Nf3 Nf6 4. e3 g6 5. Bd3 Bg7 6. O-O O-O 7. Nc3 Nbd7 8. cxd5
cxd5 9. Qb3 e6 10. Bd2 a6 11. a4 b6 12. Rfc1 Bb7 13. Na2 Ne4 14. Bb4 Re8 15.
Rc2 Rc8 16. Rac1 Rxc2 17. Qxc2 Nb8 18. Qc7 Qxc7 19. Rxc7 Bc6 20. b3 Bf6 21.
Bxa6 Bxa4 22. bxa4 Nxa6 23. Rb7 Nxb4 24. Nxb4 Ra8 25. Rxb6 Rxa4 26. g3 Ra1+ 27.
Kg2 Ng5 28. Nxg5 Bxg5 29. Nc6 Ra2 30. Kf3 Bf6 31. g4 Ra3 32. Kg3 h6 33. h4 Ra1
34. Ne5 Rg1+ 35. Kh2 Bxe5+ 36. dxe5 Rxg4 37. Kh3 Re4 38. Kg3 Rxe5 0-1

[Event "Festival A Giugno"]
[Site "Milano ITA"]
[Date "2014.06.02"]
[Round "5"]
[White "Vezzosi, Paolo"]
[Black "Cerioni, Armando"]
[WhiteElo "2300"]
[BlackElo "2006"]
[Result "1-0"]
[PlyCount "20"]
[EventDate "2014.05.29"]

1. d4 Nf6 2. Nf3 e6 3. Bf4 c5 4. e3 b6 5. c4 Bb7 6. Nc3 cxd4 7. exd4 d5 8. cxd5
exd5 9. Bxb8 Rxb8 10. Bb5+ Nd7 1-0

[Event "Festival A Giugno"]
[Site "Milano ITA"]
[Date "2014.06.02"]
[Round "6"]
[White "Burani, Eugenio"]
[Black "Cordi', Domenico"]
[WhiteElo "1816"]
[BlackElo "1995"]
[Result "0-1"]
[PlyCount "53"]
[EventDate "2014.05.29"]

1. e4 c5 2. Nf3 d6 3. d4 cxd4 4. Nxd4 Nf6 5. Nc3 a6 6. f4 Nc6 7. Be3 Ng4 8.
Nxc6 bxc6 9. Bg1 Rb8 10. h3 Nf6 11. e5 Nd7 12. exd6 exd6 13. Na4 Qh4+ 14. Bf2
Qxf4 15. c3 Be7 16. Bd3 Qe5+ 17. Be2 O-O 18. O-O Bf6 19. a3 c5 20. Bg4 Qe7 21.
Qc2 Ne5 22. Bxc8 Rbxc8 23. Rfe1 Qb7 24. Red1 Rcd8 25. Bg3 c4 26. b4 Nd3 27. Nb2
0-1

[Event "Festival A Giugno"]
[Site "Milano ITA"]
[Date "2014.06.02"]
[Round "6"]
[White "Giaretta, Fulvio"]
[Black "Mazzoccoli, Simone"]
[WhiteElo "1809"]
[BlackElo "1760"]
[Result "1-0"]
[PlyCount "55"]
[EventDate "2014.05.29"]

1. e4 c5 2. c3 Nf6 3. e5 Nd5 4. Nf3 d6 5. d4 cxd4 6. exd6 Qxd6 7. Nxd4 Bd7 8.
Be2 g6 9. Nd2 Bg7 10. Ne4 Qb6 11. Nb3 Bc6 12. Bg5 O-O 13. O-O h6 14. Bd2 Rd8
15. Qc1 Kh7 16. Rd1 Nd7 17. Qc2 N5f6 18. Ng3 Nd5 19. Bf3 Ne5 20. Be2 Ba4 21.
Nh5 Rac8 22. Nxg7 Kxg7 23. Qe4 Bxb3 24. axb3 Nc6 25. Bc4 Nf6 26. Qf4 g5 27. Qf5
Na5 28. Qxa5 1-0

[Event "Festival A Giugno"]
[Site "Milano ITA"]
[Date "2014.06.02"]
[Round "6"]
[White "Pelizzola, Danilo"]
[Black "Vezzosi, Paolo"]
[WhiteElo "2102"]
[BlackElo "2300"]
[Result "0-1"]
[PlyCount "122"]
[EventDate "2014.05.29"]

1. e4 c5 2. Nf3 d6 3. d4 cxd4 4. Nxd4 Nf6 5. Nc3 a6 6. Be2 Nbd7 7. O-O e5 8.
Nb3 b5 9. f4 Bb7 10. Qd3 Be7 11. Be3 O-O 12. Rad1 Rc8 13. a3 Qc7 14. f5 Nb6 15.
Bxb6 Qxb6+ 16. Kh1 Rfe8 17. Nd2 Rc5 18. Bf3 Rec8 19. Rfe1 Qc7 20. Nf1 h6 21.
Ne3 Qb8 22. Re2 a5 23. Nxb5 Bxe4 24. Bxe4 Rxb5 25. Nd5 Nxd5 26. Bxd5 Rxb2 27.
Bb3 Qa8 28. a4 Qc6 29. h3 Rb8 30. Kh2 Rb4 31. Rf1 Rd4 32. Qg3 Bg5 33. Kh1 Kf8
34. Qe1 Rh4 35. Rf3 Rb4 36. Rc3 Qa6 37. Rf2 e4 38. Rc7 d5 39. Rf1 Rd4 40. Rg1
Rd2 41. Qa1 Bf4 42. Rxf7+ Kxf7 43. Qxb2 Bc7 44. Qc3 Qd6 45. g3 Rf2 46. Qd4 Rxf5
47. Qxe4 Qe6 48. Qxe6+ Kxe6 49. Kg2 Re5 50. Kf3 Bb6 51. Rd1 Kd6 52. Rd3 Rf5+
53. Kg4 g6 54. h4 Bg1 55. Rd1 Be3 56. Kh3 Kc5 57. g4 Rf3+ 58. Kg2 Rf2+ 59. Kg3
d4 60. c3 dxc3 61. Rd3 Rb2 0-1